Рентгенографические исследования структурных изменений твердых сплавов TiC-NiTi на разных стадиях технологического процесса; Известия Томского политехнического университета [Известия ТПУ]; Т. 307, № 1
| Parent link: | Известия Томского политехнического университета [Известия ТПУ]/ Томский политехнический университет (ТПУ).— , 2000- Т. 307, № 1.— 2004.— [С. 113-118] |
|---|---|
| المؤلف الرئيسي: | |
| الملخص: | Заглавие с титульного листа Электронная версия печатной публикации Изложены результаты исследований структурных изменений исходных продуктов, полуфабрикатов и спеченных твердых сплавов TiC-NiTi на разных стадиях технологического процесса изготовления. Систематизированы данные по влиянию на структуру и свойства сплавов TiC-NiTi технологических факторов: структуры исходных компонентов, температур восстановления и карбидизации, продолжительности и способа размола. |
| اللغة: | الروسية |
| منشور في: |
2004
|
| سلاسل: | Технические науки |
| الموضوعات: | |
| الوصول للمادة أونلاين: | http://www.lib.tpu.ru/fulltext/v/Bulletin_TPU/2004/v307/i1/22.pdf |
| التنسيق: | الكتروني فصل الكتاب |
| KOHA link: | https://koha.lib.tpu.ru/cgi-bin/koha/opac-detail.pl?biblionumber=168512 |
MARC
| LEADER | 00000nla2a2200000 4500 | ||
|---|---|---|---|
| 001 | 168512 | ||
| 005 | 20241219063138.0 | ||
| 035 | |a (RuTPU)RU\TPU\book\182825 | ||
| 035 | |a RU\TPU\book\182790 | ||
| 090 | |a 168512 | ||
| 100 | |a 20091028d2004 k y0rusy50 ca | ||
| 101 | 0 | |a rus | |
| 102 | |a RU | ||
| 135 | |a drnn ---uucaa | ||
| 181 | 0 | |a i | |
| 182 | 0 | |a b | |
| 200 | 1 | |a Рентгенографические исследования структурных изменений твердых сплавов TiC-NiTi на разных стадиях технологического процесса |f П. В. Бурков | |
| 203 | |a Текст |c электронный | ||
| 215 | |a 1 файл (870 Кб) | ||
| 225 | 1 | |a Технические науки | |
| 300 | |a Заглавие с титульного листа | ||
| 300 | |a Электронная версия печатной публикации | ||
| 320 | |a [Библиогр.: с. 118 (10 назв.)] | ||
| 330 | |a Изложены результаты исследований структурных изменений исходных продуктов, полуфабрикатов и спеченных твердых сплавов TiC-NiTi на разных стадиях технологического процесса изготовления. Систематизированы данные по влиянию на структуру и свойства сплавов TiC-NiTi технологических факторов: структуры исходных компонентов, температур восстановления и карбидизации, продолжительности и способа размола. | ||
| 337 | |a Adobe Reader | ||
| 461 | 1 | |0 (RuTPU)RU\TPU\book\176237 |t Известия Томского политехнического университета [Известия ТПУ] |f Томский политехнический университет (ТПУ) |d 2000- | |
| 463 | 1 | |0 (RuTPU)RU\TPU\book\182748 |t Т. 307, № 1 |v [С. 113-118] |d 2004 |p 203 с. | |
| 610 | 1 | |a рентгенографические исследования | |
| 610 | 1 | |a структурные изменения | |
| 610 | 1 | |a твердые сплавы | |
| 610 | 1 | |a технологические процессы | |
| 610 | 1 | |a результаты исследований | |
| 610 | 1 | |a исходные продукты | |
| 610 | 1 | |a полуфабрикаты | |
| 610 | 1 | |a изготовление | |
| 610 | 1 | |a данные | |
| 610 | 1 | |a структуры | |
| 610 | 1 | |a свойства | |
| 610 | 1 | |a технологические факторы | |
| 610 | 1 | |a компоненты | |
| 610 | 1 | |a температура | |
| 610 | 1 | |a восстановление | |
| 610 | 1 | |a карбидизация | |
| 610 | 1 | |a продолжительность | |
| 610 | 1 | |a размол | |
| 610 | 1 | |a труды учёных ТПУ | |
| 610 | 1 | |a электронный ресурс | |
| 700 | 1 | |a Бурков |b П. В. |c инженер-механик |c профессор Томского политехнического университета и Юргинского технологического института (филиала) Томского политехнического университета, доктор технических наук |f 1957- |g Пётр Владимирович |7 ca |8 rus |3 (RuTPU)RU\TPU\pers\24291 |9 10756 | |
| 801 | 1 | |a RU |b 63413507 |c 20090623 |g PSBO | |
| 801 | 2 | |a RU |b 63413507 |c 20210527 |g PSBO | |
| 856 | 4 | |u http://www.lib.tpu.ru/fulltext/v/Bulletin_TPU/2004/v307/i1/22.pdf | |
| 942 | |c CF | ||